header

German colonialism (Record no. 230443)

MARC details
000 -LEADER
fixed length control field 01710nam a2200433Ia 4500
082 04 - DEWEY DECIMAL CLASSIFICATION NUMBER
Classification number 325/.343
245 00 - TITLE STATEMENT
Title German colonialism
260 ## - PUBLICATION, DISTRIBUTION, ETC. (IMPRINT)
Place of publication New York :
Name of publisher Columbia University Press,
Year of publication c2011.
300 ## - PHYSICAL DESCRIPTION
Number of Pages xxxi, 327 p.
650 #0 - SUBJECT ADDED ENTRY--TOPICAL TERM
Topical Term Racism
Topical Term Racism
Topical Term Nationalism
Topical Term Continuity
Topical Term Holocaust, Jewish (1939-1945)
Topical Term World War, 1939-1945
Topical Term Imperialism
700 1# - ADDED ENTRY--PERSONAL NAME
Personal name Langbehn, Volker Max,
Personal name Salama, Mohammad.
856 40 - ELECTRONIC LOCATION AND ACCESS
Uniform Resource Identifier http://site.ebrary.com/lib/rucke/Doc?id=10457739

No items available.

© 2026 Rongo University
Contact us: librarian | system librarian | Rongo university